Normal görünüm
MARC görünümü
Giriş Geographic Name
001 - CONTROL NUMBER
- control field: 3239
003 - CONTROL NUMBER IDENTIFIER
- control field: TR-AnABB
005 - DATE AND TIME OF LATEST TRANSACTION
- control field: 20260331105537.0
008 - FIXED-LENGTH DATA ELEMENTS
- fixed length control field: 260331|| aca||aabn | a|a d
040 ## - CATALOGING SOURCE
- Original cataloging agency: TR-AnABB
- Transcribing agency: TR-AnABB
151 ## - HEADING--GEOGRAPHIC NAME
- Geographic name: Illich, Ivan
670 ## - SOURCE DATA FOUND
- Source citation: Koha: (TR-AnABB)10110: Cayley, David 3237, İvan İllich ile söyleşiler /, 2018
